00482nam a22001457a 4500020001500000040000900015082001700024100002600041245006400067250001900131650003800150942001200188999001900200952011700219 a0534068286 cNUST a519.5bDEV'P aJay L. Devorn9122973 aProbability and Statistics for Engineering and the Sciences aSecond Edition aProbability and Statistics958017 2ddccBK c609327d609327 00102ddc4070aCEMEbCEMEcGENd2024-05-27l1o519.5 DEV'PpCEME-25901r2026-01-26s2025-11-25w2024-05-27yBK